[Event "Jastrzebskie op"]
[Site "Ustron"]
[Date "2013.08.26"]
[Round "4"]
[White "Foltyn, Lukasz"]
[Black "Chernyshov, Konstantin"]
[Result "0-1"]
[WhiteElo "1949"]
[BlackElo "2527"]
[PlyCount "90"]
[EventDate "2013.08.25"]
[EventType "swiss"]
[EventRounds "7"]
[EventCountry "POL"]
[SourceTitle "CBM 156 Extra"]
[Source "ChessBase"]
[SourceDate "2013.10.22"]
[SourceVersion "1"]
[SourceVersionDate "2013.10.22"]
[SourceQuality "1"]

1. e4 g6 2. d4 Bg7 3. Nf3 d6 4. Nc3 Bg4 5. Bc4 e6 6. Be3 Nc6 7. Qd2 Bxf3 8. gxf3 Nge7 9. a3 d5 10. Bb5 a6 11. Bxc6+ Nxc6 12. 0-0-0 Qd7 13. Ne2 0-0-0 14. e5 Kb8 15. b4 Na7 16. Kb2 Nc8 17. c3 Nb6 18. Qc2 Qc6 19. Ra1 Na4+ 20. Kc1 f6 21. exf6 Bxf6 22. f4 Rdf8 23. Kd2 Nb6 24. a4 Nc4+ 25. Kd3 Qe8 26. Qc1 g5 27. Kc2 gxf4 28. Nxf4 Bg5 29. Kb3 Rf5 30. Ra2 Bxf4 31. Bxf4 Rhf8 32. Bg3 Qc6 33. Re1 Rf3 34. Rc2 Rd3 35. f4 h5 36. Rd1 Rf3 37. Re1 h4 38. Rf2 Rxf2 39. Bxf2 Nb6 40. a5 Qa4+ 41. Kb2 Nc4+ 42. Kb1 Qb3+ 43. Ka1 Rxf4 44. Re2 Rf3 45. Rc2 Rd3 0-1

[Event "Jastrzebskie op"]
[Site "Ustron"]
[Date "2013.08.25"]
[Round "1"]
[White "Foltyn, Lukasz"]
[Black "Trifonov, Denis"]
[Result "1/2-1/2"]
[WhiteElo "1949"]
[BlackElo "2253"]
[PlyCount "59"]
[EventDate "2013.08.25"]
[EventType "swiss"]
[EventRounds "7"]
[EventCountry "POL"]
[SourceTitle "CBM 156 Extra"]
[Source "ChessBase"]
[SourceDate "2013.10.22"]
[SourceVersion "1"]
[SourceVersionDate "2013.10.22"]
[SourceQuality "1"]

1. e4 d6 2. d4 Nf6 3. Nc3 e5 4. Nf3 Nbd7 5. Bc4 Be7 6. 0-0 0-0 7. Re1 c6 8. a4 Qc7 9. Qe2 Nb6 10. Ba2 Bg4 11. dxe5 dxe5 12. h3 Bh5 13. g4 Bg6 14. Nh4 Bb4 15. Nxg6 hxg6 16. Bd2 Bxc3 17. Bxc3 Nxa4 18. Bxf7+ Qxf7 19. Rxa4 b5 20. Ra3 Qe7 21. Bd2 Rf7 22. f3 Nh7 23. Kg2 Nf8 24. Ra6 Ne6 25. Be3 Rc8 26. Kg3 Rc7 27. h4 Nf4 28. Bxf4 Rxf4 29. Rd1 Kh7 30. Rd3 1/2-1/2

[Event "Karvina op"]
[Site "Karvina"]
[Date "2011.07.10"]
[Round "9"]
[White "Lys, Josef"]
[Black "Foltyn, Lukasz"]
[Result "1-0"]
[WhiteElo "2185"]
[BlackElo "2026"]
[PlyCount "73"]
[EventDate "2011.07.02"]
[EventType "swiss"]
[EventRounds "9"]
[EventCountry "CZE"]
[SourceTitle "CBM 143 Extra"]
[Source "ChessBase"]
[SourceDate "2011.08.29"]
[SourceVersion "1"]
[SourceVersionDate "2011.08.29"]
[SourceQuality "1"]

1. d4 d5 2. c4 c6 3. Nc3 Nf6 4. e3 e6 5. Nf3 Nbd7 6. g3 Bd6 7. Bg2 0-0 8. 0-0 b6 9. b3 Ba6 10. Re1 Bb4 11. Bd2 dxc4 12. Bf1 Nd5 13. Qc1 b5 14. bxc4 bxc4 15. e4 N5b6 16. a3 Be7 17. Be3 c5 18. d5 exd5 19. exd5 Nf6 20. Rd1 Qc7 21. Ra2 Rad8 22. Rad2 Rfe8 23. a4 Bd6 24. Bg5 Qd7 25. Bxf6 gxf6 26. Qc2 Be5 27. a5 Nc8 28. Ne4 Qe7 29. Nxe5 Qxe5 30. Nxc5 Bb5 31. Nb7 Rd7 32. Re2 Rxb7 33. Rxe5 Rxe5 34. d6 Rd7 35. Bxc4 Bxc4 36. Qxc4 Rd8 37. Qc7 1-0

[Event "Karvina op"]
[Site "Karvina"]
[Date "2011.07.05"]
[Round "4"]
[White "Foltyn, Lukasz"]
[Black "Pakhomov, Alexey"]
[Result "0-1"]
[WhiteElo "2026"]
[BlackElo "2404"]
[PlyCount "128"]
[EventDate "2011.07.02"]
[EventType "swiss"]
[EventRounds "9"]
[EventCountry "CZE"]
[SourceTitle "CBM 143 Extra"]
[Source "ChessBase"]
[SourceDate "2011.08.29"]
[SourceVersion "1"]
[SourceVersionDate "2011.08.29"]
[SourceQuality "1"]

1. e4 d5 2. exd5 Nf6 3. Nc3 Nxd5 4. Bc4 Nb6 5. Bb3 Bf5 6. Qf3 Qc8 7. Nge2 e6 8. d4 Be7 9. 0-0 0-0 10. Re1 c5 11. dxc5 Bxc5 12. Bf4 Qc6 13. Qg3 N8d7 14. Rad1 Rfe8 15. a4 e5 16. Bg5 a5 17. Nb5 h6 18. Be3 Bf8 19. Nec3 Nc5 20. Nd5 Nxb3 21. Nxb6 Bxc2 22. Rd7 Rad8 23. Rc7 Qg6 24. Qxg6 Bxg6 25. Rxb7 Bb4 26. Nc3 Nd4 27. Nbd5 Nc2 28. Rd1 Nxe3 29. fxe3 Rb8 30. Rb5 Bf8 31. Rd2 Rxb5 32. axb5 Rb8 33. g4 Bb4 34. Rd1 Bc2 35. Rc1 Bb3 36. e4 Bxd5 37. exd5 Kf8 38. Ne4 Rxb5 39. Rc8+ Ke7 40. Rc7+ Kd8 41. d6 Rd5 42. Rxf7 Rd4 43. Rf8+ Kd7 44. Rf7+ Kc6 45. Rc7+ Kb6 46. Nc3 Rxd6 47. Rxg7 Bxc3 48. bxc3 a4 49. Rg8 Rd7 50. Re8 a3 51. Re6+ Kb7 52. Rxe5 Rd1+ 53. Kg2 a2 54. Ra5 a1Q 55. Rxa1 Rxa1 56. h4 Ra3 57. Kf3 Rxc3+ 58. Kf4 Rc5 59. g5 hxg5+ 60. hxg5 Kc7 61. g6 Kd7 62. g7 Rc8 63. Kf5 Ke7 64. Kg6 Rg8 0-1

[Event "Orlova op 8th"]
[Site "Orlova"]
[Date "2011.05.22"]
[Round "2"]
[White "Foltyn, Lukasz"]
[Black "Mirumian, Vigen"]
[Result "0-1"]
[WhiteElo "2014"]
[BlackElo "2513"]
[PlyCount "60"]
[EventDate "2011.05.21"]
[EventType "swiss"]
[EventRounds "9"]
[EventCountry "CZE"]
[SourceTitle "CBM 142 Extra"]
[Source "ChessBase"]
[SourceDate "2011.06.27"]
[SourceVersion "1"]
[SourceVersionDate "2011.06.27"]
[SourceQuality "1"]

1. e4 c5 2. Bc4 e6 3. Qe2 Nc6 4. c3 a6 5. a4 Be7 6. Nf3 d5 7. exd5 exd5 8. Bb3 Nf6 9. 0-0 0-0 10. d3 Bg4 11. Bg5 Re8 12. Nbd2 h6 13. Bh4 Nh5 14. Bxe7 Rxe7 15. Qd1 Nf4 16. Bc2 Qb6 17. Qb1 Rae8 18. g3 Ne5 19. Nxe5 Rxe5 20. b4 Ne2+ 21. Kg2 Nxc3 22. Qb2 cxb4 23. h3 Be2 24. Rfe1 Rf5 25. d4 Rf6 26. Nb3 Rxf2+ 27. Kxf2 Qf6+ 28. Kg1 Qf3 29. Rf1 Qxg3+ 30. Kh1 Bf3+ 0-1

[Event "Karvina op"]
[Site "Karvina"]
[Date "2010.07.10"]
[Round "8"]
[White "Olsarova, Karolina"]
[Black "Foltyn, Lukasz"]
[Result "1-0"]
[WhiteElo "2205"]
[BlackElo "2030"]
[PlyCount "63"]
[EventDate "2010.07.03"]
[EventType "swiss"]
[EventRounds "9"]
[EventCountry "CZE"]
[SourceTitle "EXT 2011"]
[Source "ChessBase"]
[SourceDate "2010.11.26"]
[SourceVersion "1"]
[SourceVersionDate "2010.11.26"]
[SourceQuality "1"]

1. e4 c5 2. Nf3 Nc6 3. Bb5 g6 4. Bxc6 bxc6 5. 0-0 d6 6. c3 Bg7 7. d4 cxd4 8. cxd4 Nf6 9. Qc2 Qb6 10. h3 0-0 11. Nc3 d5 12. exd5 cxd5 13. Bg5 e6 14. Na4 Qd6 15. Nc5 Nd7 16. b4 f6 17. Be3 Ba6 18. Rfe1 Bc4 19. Nd2 Nb6 20. a4 e5 21. a5 e4 22. axb6 Bb5 23. b7 Rae8 24. g3 g5 25. Rxa7 f5 26. Bxg5 f4 27. Bxf4 Rxf4 28. gxf4 Bxd4 29. Ndb3 Kh8 30. Ra8 Bxc5 31. Qxc5 Qxf4 32. Qxb5 1-0

[Event "Pobeskydy ArcelorMittal op 21st"]
[Site "Frydek Mistek"]
[Date "2010.04.02"]
[Round "4"]
[White "Foltyn, Lukasz"]
[Black "Spacek, Oliver"]
[Result "1-0"]
[WhiteElo "2027"]
[BlackElo "1811"]
[PlyCount "85"]
[EventDate "2010.04.01"]
[EventType "swiss"]
[EventRounds "9"]
[EventCountry "CZE"]
[SourceTitle "CBM 135 Extra"]
[Source "ChessBase"]
[SourceDate "2010.05.04"]
[SourceVersion "1"]
[SourceVersionDate "2010.05.04"]
[SourceQuality "1"]

1. e4 c5 2. Nf3 Nc6 3. d4 cxd4 4. Nxd4 Nf6 5. Nc3 e5 6. Ndb5 d6 7. Bg5 a6 8. Na3 b5 9. Nd5 Be7 10. Bxf6 Bxf6 11. c3 0-0 12. Nc2 Bg5 13. h4 Bh6 14. g4 Bf4 15. Nce3 Be6 16. Nf5 Bxd5 17. Qxd5 Ne7 18. Nxe7+ Qxe7 19. a4 bxa4 20. Rxa4 Qd7 21. Qd1 Rfb8 22. b3 Qc6 23. Qc2 g6 24. Bc4 Qc8 25. Qd1 Qc6 26. Qd5 Qxd5 27. Bxd5 Ra7 28. Ke2 Rc8 29. Kd3 Kg7 30. Rha1 Rac7 31. Bc4 f5 32. gxf5 gxf5 33. Rxa6 fxe4+ 34. Kxe4 Rxc4+ 35. bxc4 Rxc4+ 36. Kf5 Rxc3 37. Rxd6 Rc7 38. Rg1+ Kf8 39. Rf6+ Rf7 40. Ra1 Rxf6+ 41. Kxf6 Ke8 42. Ra8+ Kd7 43. Ra7+ 1-0

[Event "Pszczyna op 4th"]
[Site "Pszczyna"]
[Date "2008.07.17"]
[Round "4"]
[White "Foltyn, Lukasz"]
[Black "Sadowski, Krzysztof"]
[Result "1/2-1/2"]
[WhiteElo "2017"]
[BlackElo "1879"]
[PlyCount "116"]
[EventDate "2008.07.15"]
[EventType "swiss"]
[EventRounds "9"]
[EventCountry "POL"]
[SourceTitle "CBM 125 Extra"]
[Source "ChessBase"]
[SourceDate "2008.09.01"]
[SourceVersion "1"]
[SourceVersionDate "2008.09.01"]
[SourceQuality "1"]

1. e4 d5 2. exd5 Nf6 3. Nc3 Nxd5 4. Bc4 e6 5. d4 Bb4 6. Bd2 Nb6 7. Bd3 Qxd4 8. Nf3 Qg4 9. 0-0 Bd7 10. h3 Qh5 11. a3 Bd6 12. Ne4 Nc6 13. Ng3 Bxg3 14. fxg3 f6 15. g4 Qc5+ 16. Kh1 Nd5 17. b4 Qd6 18. c4 Nf4 19. Bc2 Ng6 20. Qe2 Nd4 21. Nxd4 Qxd4 22. Be3 Qe5 23. Qf2 0-0-0 24. b5 Be8 25. Rfd1 Bf7 26. Bxg6 Bxg6 27. Bf4 Qc3 28. Qxa7 Bd3 29. Qa8+ Kd7 30. Qxb7 e5 31. Qc6+ Ke7 32. Qxc7+ Rd7 33. Qc5+ Kf7 34. Rac1 Qb2 35. Bd2 Bc2 36. Rf1 Rxd2 37. Qc6 Rhd8 38. g5 f5 39. Rce1 R8d6 40. Qf3 Bd3 41. Qb7+ Kg6 42. Rg1 Bxc4 43. Rb1 Qxa3 44. Qc7 Qg3 45. Qxc4 R6d3 46. Qc6+ Kxg5 47. Rgf1 e4 48. Rxf5+ Kxf5 49. Qc5+ Rd5 50. Rf1+ Ke6 51. Qc8+ Rd7 52. Qg8+ Ke5 53. Qe8+ Kd6 54. Qb8+ Rc7 55. Qd8+ Rd7 56. Qb8+ Rc7 57. Qd8+ Rd7 58. Qb8+ Rc7 1/2-1/2

[Event "Pszczyna op 4th"]
[Site "Pszczyna"]
[Date "2008.07.15"]
[Round "1"]
[White "Korcz, Daniel"]
[Black "Foltyn, Lukasz"]
[Result "1-0"]
[WhiteElo "1687"]
[BlackElo "2017"]
[PlyCount "92"]
[EventDate "2008.07.15"]
[EventType "swiss"]
[EventRounds "9"]
[EventCountry "POL"]
[SourceTitle "CBM 125 Extra"]
[Source "ChessBase"]
[SourceDate "2008.09.01"]
[SourceVersion "1"]
[SourceVersionDate "2008.09.01"]
[SourceQuality "1"]

1. e4 c5 2. Nf3 Nc6 3. d4 cxd4 4. Nxd4 Nf6 5. Nc3 e5 6. Ndb5 Bb4 7. a3 Bxc3+ 8. Nxc3 d6 9. Bc4 Be6 10. Qd3 Nd4 11. Bb5+ Kf8 12. 0-0 a6 13. Bc4 Bxc4 14. Qxc4 Nxc2 15. Rb1 Nd4 16. Bg5 h6 17. Be3 b5 18. Qd3 Ne6 19. f3 g5 20. Rbd1 Ke7 21. g3 Rc8 22. Kh1 Nc5 23. Qe2 Qd7 24. f4 gxf4 25. gxf4 Qc6 26. fxe5 dxe5 27. Nd5+ Nxd5 28. exd5 Qd6 29. Qh5 f6 30. Rg1 Nd7 31. Rg7+ Kd8 32. b4 Rc4 33. Qf5 Re8 34. Bxh6 Re7 35. Rg8+ Kc7 36. Bf8 Nxf8 37. Rxf8 Kb7 38. Rxf6 Rf4 39. Qxf4 Qxd5+ 40. Rxd5 exf4 41. Rxf4 Re3 42. Rf6 Rxa3 43. Rd7+ Kc8 44. Rg7 Rd3 45. Rf8+ Rd8 46. Rxd8+ Kxd8 1-0

[Event "Rewal op-B 12th"]
[Site "Rewal"]
[Date "2007.08.23"]
[Round "2"]
[White "Foltyn, Lukasz"]
[Black "Leczycki, Pawel"]
[Result "1/2-1/2"]
[WhiteElo "1986"]
[BlackElo "1821"]
[PlyCount "46"]
[EventDate "2007.08.23"]
[EventType "swiss"]
[EventRounds "9"]
[EventCountry "POL"]
[SourceTitle "CBM 120 Extra"]
[Source "ChessBase"]
[SourceDate "2007.11.01"]
[SourceVersion "1"]
[SourceVersionDate "2007.11.01"]
[SourceQuality "1"]

1. e4 e5 2. Nf3 Nc6 3. Bb5 a6 4. Bxc6 dxc6 5. 0-0 Bg4 6. h3 Bxf3 7. Qxf3 Nf6 8. d3 Be7 9. Be3 0-0 10. Nd2 Nd7 11. Qg4 Kh8 12. Nc4 b6 13. f4 Bf6 14. b3 c5 15. Rad1 Qe7 16. fxe5 Nxe5 17. Nxe5 Qxe5 18. Kh1 Rfe8 19. Bf4 Qe7 20. e5 Bxe5 21. Rfe1 Qd6 22. Bxe5 Rxe5 23. Rxe5 Qxe5 1/2-1/2

[Event "Karvina op"]
[Site "Karvina"]
[Date "2007.??.??"]
[Round "1"]
[White "Foltyn, Lukasz"]
[Black "Klima, Lukas"]
[Result "1/2-1/2"]
[WhiteElo "1986"]
[BlackElo "2405"]
[PlyCount "107"]
[EventDate "2007.07.??"]
[EventType "swiss"]
[EventRounds "9"]
[EventCountry "CZE"]
[SourceTitle "EXT 2010"]
[Source "ChessBase"]
[SourceDate "2010.11.25"]
[SourceVersion "1"]
[SourceVersionDate "2010.11.25"]
[SourceQuality "1"]

1. e4 c5 2. Nf3 Nc6 3. d4 cxd4 4. Nxd4 Nf6 5. Nc3 e5 6. Ndb5 d6 7. Bg5 a6 8. Na3 b5 9. Nd5 Be7 10. Bxf6 Bxf6 11. c3 Bg5 12. Nc2 0-0 13. g3 Ne7 14. Ncb4 Be6 15. h4 Bh6 16. Bg2 a5 17. Nxe7+ Qxe7 18. Nd5 Qb7 19. g4 Bxd5 20. Qxd5 Qxd5 21. exd5 Bf4 22. Be4 Rfc8 23. Rh3 Rab8 24. b3 Rc7 25. Bd3 g6 26. c4 e4 27. Be2 bxc4 28. Bxc4 f5 29. gxf5 gxf5 30. Ke2 Kf7 31. Rg1 Rxc4 32. bxc4 Rb2+ 33. Kf1 Rxa2 34. Kg2 Be5 35. Rb3 Bd4 36. Rb7+ Kf6 37. Rf1 f4 38. Rxh7 Kf5 39. h5 Kg4 40. h6 f3+ 41. Kg1 Rb2 42. Rc7 Kf5 43. h7 a4 44. Rc8 a3 45. h8Q Bxh8 46. Rxh8 a2 47. Ra8 Ke5 48. Ra4 Kf4 49. Re1 Kf5 50. c5 dxc5 51. d6 Rb8 52. Rxa2 Rg8+ 53. Kf1 Rh8 54. Kg1 1/2-1/2

[Event "Guben op"]
[Site "Guben"]
[Date "2006.10.02"]
[Round "3"]
[White "Novak, Jiri"]
[Black "Foltyn, Lukasz"]
[Result "0-1"]
[WhiteElo "2074"]
[BlackElo "1951"]
[PlyCount "88"]
[EventDate "2006.10.02"]
[EventType "swiss"]
[EventRounds "9"]
[EventCountry "GER"]
[SourceTitle "EXT 2007"]
[Source "ChessBase"]
[SourceDate "2006.11.23"]
[SourceVersion "1"]
[SourceVersionDate "2006.11.23"]
[SourceQuality "1"]

1. c4 c6 2. d4 d5 3. b3 Nf6 4. Nc3 Bf5 5. e3 e6 6. Bd3 Bb4 7. Nge2 Bxd3 8. Qxd3 0-0 9. 0-0 Nbd7 10. a3 Bd6 11. c5 Bc7 12. b4 e5 13. dxe5 Nxe5 14. Qf5 a5 15. b5 Qe7 16. a4 Nc4 17. Ba3 Nxa3 18. Rxa3 Qxc5 19. Rb3 Rae8 20. Nd4 Qd6 21. g3 Re5 22. Qf4 Nh5 23. Qf3 g6 24. Rc1 c5 25. Nde2 b6 26. Rd1 Rd8 27. Rb2 Nf6 28. Rbd2 g5 29. Qg2 Qe6 30. f4 Rxe3 31. fxg5 Ng4 32. Rf1 Rxc3 33. Nxc3 Ne3 34. Qf3 Nxf1 35. Kxf1 d4 36. Ne4 Be5 37. Re2 d3 38. Nf6+ Kh8 39. Rd2 c4 40. Ng4 Bd4 41. Nh6 f6 42. Qh5 Qe4 43. Nf7+ Kg7 44. gxf6+ Bxf6 0-1